| 000 | 00751nam a2200253Ia 4500 | ||
|---|---|---|---|
| 003 | OSt | ||
| 005 | 20220928111224.0 | ||
| 006 | a|||||r|||| 00| 0 | ||
| 007 | ta | ||
| 008 | 220927b |||||||| |||| 00| 0 hin d | ||
| 020 | _c200 | ||
| 024 | _a128275 | ||
| 037 |
_b383, 12/12/2015, Kiran Book Service _cTextual |
||
| 040 |
_aSDCL _cSDCL _bhin |
||
| 041 |
_2hin _ahin |
||
| 082 | _aO152,1I00:g, Q1 | ||
| 100 |
_aChaoudhary Uma Shankar _9422840 |
||
| 245 | 0 | _aVimarsh mein kabeer | |
| 260 |
_aPanchkula _bAadhar Prakashan Pvt. Ltd. _c2011 |
||
| 300 |
_a7;140p _ccm. |
||
| 650 |
_aHindi _9391598 |
||
| 942 |
_hO152,1I00:g, Q1 _cTEXL _2CC |
||
| 999 |
_c739274 _d739274 |
||